| 000 -LEADER |
| fixed length control field |
nam a22 a 4500 |
| 003 - CONTROL NUMBER IDENTIFIER |
| control field |
AM-YeNLA |
| 005 - DATE AND TIME OF LATEST TRANSACTION |
| control field |
20260409115926.0 |
| 007 - PHYSICAL DESCRIPTION FIXED FIELD--GENERAL INFORMATION |
| fixed length control field |
ta |
| 008 - FIXED-LENGTH DATA ELEMENTS--GENERAL INFORMATION |
| fixed length control field |
260409s2025 ai df||fr|||||000|0|arm|| |
| 020 ## - INTERNATIONAL STANDARD BOOK NUMBER |
| International Standard Book Number |
978-5-8084-2708-2 |
| 040 ## - CATALOGING SOURCE |
| Language of cataloging |
arm |
| Transcribing agency |
AM-YeNLA |
| 041 0# - LANGUAGE CODE |
| Language code of text/sound track or separate title |
arm |
| 100 1# - MAIN ENTRY--PERSONAL NAME |
| Personal name |
Խաչատրյան, Ռաֆիկ Աղասու |
| 245 10 - TITLE STATEMENT |
| Title |
Օպտիմիզացիայի մեթոդները մեքենայական ուսուցման խնդիրներում ։ |
| Remainder of title |
Ուսումնական ձեռնարկ / |
| Statement of responsibility, etc. |
Ռ.Ա. Խաչատրյան ; Խմբագիր՝ Ս. Ստեփանյան ; ԵՊՀ. |
| 260 ## - PUBLICATION, DISTRIBUTION, ETC. (IMPRINT) |
| Place of publication, distribution, etc. |
Երևան : |
| Name of publisher, distributor, etc. |
ԵՊՀ հրատ., |
| Date of publication, distribution, etc. |
2025. |
| 300 ## - PHYSICAL DESCRIPTION |
| Extent |
384 էջ ; |
| Other physical details |
աղյուսակ, գծանկարներ ; |
| Dimensions |
29 սմ. |
| 504 ## - BIBLIOGRAPHY, ETC. NOTE |
| Bibliography, etc |
Գրականություն՝ էջ 381-384: |
| 546 ## - LANGUAGE NOTE |
| Language note |
Ամփոփումը՝ ռուսերեն և անգլերեն։ |
| 650 14 - SUBJECT ADDED ENTRY--TOPICAL TERM |
| Topical term or geographic name as entry element |
Համակարգչային գիտություն և տեխնոլոգիա |
| Form subdivision |
Ուսումնական ձեռնարկներ |
| 650 14 - SUBJECT ADDED ENTRY--TOPICAL TERM |
| Topical term or geographic name as entry element |
Արհեստական բանականություն |
| 650 14 - SUBJECT ADDED ENTRY--TOPICAL TERM |
| Topical term or geographic name as entry element |
Մեքենայական ուսուցում |
| Form subdivision |
Ուսումնական ձեռնարկներ |
| 700 1# - ADDED ENTRY--PERSONAL NAME |
| Personal name |
Ստեփանյան, Ս. |
| Relator term |
խմբագիր |
| Relator code |
edt |
| 710 2# - ADDED ENTRY--CORPORATE NAME |
| 9 (RLIN) |
27 |
| Corporate name or jurisdiction name as entry element |
Երևանի պետական համալսարան |
| 942 ## - ADDED ENTRY ELEMENTS (KOHA) |
| Source of classification or shelving scheme |
|
| Koha item type |
Books |